00654nam a2200193Ia 4500001002800000003000900028008004100037040002300078041001300101100002200114245006500136250001500201260003600216300001900252490002300271500003300294501012400327520000900451271.709 2-MON an fu (13977)IT-MiSPE171229s9999||||xx |||||||||||||| ||und|| aIT-MiSPEcIT-MiSPE aITALIANO aAngelo Montonati  0aFuoco nella cittàbSant'Antonio Maria Zaccaria (1502-1539) a1a ed. (v) aCinisello B.mobSan Paoloc2002 a205 p. c22 cm aI protagonistiv46 aAntonio Maia Zaccaria, santo aEdizioni San Paolo srl - Piazza Soncino, 5 - 20092 CINISELLO BALSAMO (MI) (non commercial uses only) ® Copyright 2018 aTav.